Filosofía del presente
Enregistré dans:
| Auteur principal: | |
|---|---|
| Format: | Livre |
| Langue: | espagnol |
| Publié: |
Buenos Aires
Libros del Zorzal
2005
|
| Édition: | 1a. ed |
| Collection: | Mirada Atenta
|
| Sujets: | |
| Tags: |
Ajouter un tag
Pas de tags, Soyez le premier à ajouter un tag!
|
MARC
| LEADER | 00000cam a2200000 a 4500 | ||
|---|---|---|---|
| 001 | UCF1550 | ||
| 003 | CL-VaPUC | ||
| 008 | 120711e20050000AG |||||||||||||||||spa|d | ||
| 020 | |a 9871081650 | ||
| 082 | 0 | 4 | |a 844 |b BAD |2 21 |
| 100 | 0 | |a Badiou, Alain |e author |9 557218 | |
| 245 | 1 | 0 | |a Filosofía del presente |
| 250 | |a 1a. ed | ||
| 300 | |a 105 p | ||
| 942 | |c BK | ||
| 945 | |d 20120711 00:00:00 |a cmena | ||
| 260 | |a Buenos Aires |b Libros del Zorzal |c 2005 | ||
| 650 | 0 | |a Ensayos franceses |9 265511 | |
| 650 | 7 | |a LIETRATURA FRANCESA |2 CL-VaPUC |9 563046 | |
| 650 | 7 | |a FILOSOFIA POLITICA |2 CL-VaPUC |9 563047 | |
| 583 | |a last modification |c 20120711 16:46:00 |k Rodrigo Vera | ||
| 490 | 0 | |a Mirada Atenta | |
| 999 | |c 348277 |d 348275 | ||
| 952 | |0 0 |1 0 |4 0 |6 844_000000000000000_BAD_2005 |7 0 |8 A |9 450237 |a BIBART |b BIBART |d 2019-11-22 |i 4882121 |o 844 BAD 2005 |p 4882121 |r 2025-03-13 |w 2019-11-22 |y BK |k ART | ||